00313nam a2200121Ia 4500008004100000041000800041082001200049100001400061245004500075260003300120300003100153365000700184240624s9999 xx 000 0 und d aeng a338 BOD aBODLA B S aINSURANCE FUNDAMENTALS ENVIRONMENT AND P c2004aNew DelhibDeep & Deep axvi, : 472 : p. : cm. ; 24 cRS